Robert Louis Stevenson and his word (Record no. 34510)

MARC details
000 -LEADER
fixed length control field 00291nam a2200109Ia 4500
082 ## - DEWEY DECIMAL CLASSIFICATION NUMBER
Classification number 929A/Z(STE)
Item number DAI
100 ## - MAIN ENTRY--AUTHOR NAME
Personal name Daiches, David
245 #0 - TITLE STATEMENT
Title Robert Louis Stevenson and his word
260 ## - PUBLICATION, DISTRIBUTION, ETC. (IMPRINT)
Place of publication London
Name of publisher Thomas and Hudson
Year of publication 1973
942 ## - ADDED ENTRY ELEMENTS (KOHA)
Koha item type Books
Holdings
Withdrawn status Lost status Damaged status Not for loan Home library Current library Date acquired Cost, normal purchase price Full call number Accession Number Koha item type
        RRII Library RRII Library 16/12/2021 3.25 929A/Z(STE) DAI 14946 Books